00307nam a2200109Ia 4500008004100000020001800041041000800059082001600067100001400083245004500097260005500142230717s9999 xx 000 0 und d a0-406-01067-6 aeng a345.05bCAR aCarr A. P aCriminal Procedure In Magistrates Courts aLondonbButterworth And Co. (Publishers) Ltdc1983